[Event "SVK Extraliga 2017-18"]
[Site "Slovakia"]
[Date "2017.10.01"]
[Round "2"]
[White "Caletka, Radomir"]
[Black "Kantorik, Marian"]
[Result "0-1"]
[WhiteElo "2337"]
[BlackElo "2293"]
[Annotator "NA"]
[PlyCount "110"]
[EventDate "2017.09.30"]
[EventType "team-tourn"]
[EventCountry "SVK"]
[SourceTitle "playchess.com"]
[Source "ChessBase"]
[SourceQuality "1"]
[TimeControl "40/5400+30:1800+30"]

1. e4 {[%emt 0:00:00]} c6 {[%emt 0:00:28]} 2. d4 {[%emt 0:00:00]} d5 {[%emt 0:00:04]} 3. Nd2 {[%emt 0:00:06]} dxe4 {[%emt 0:02:23]} 4. Nxe4 {[%emt 0:00:08]} Bf5 {[%emt 0:00:06]} 5. Ng3 {[%emt 0:00:06]} Bg6 {[%emt 0:00:03]} 6. Nf3 {[%emt 0:00:40]} e6 {[%emt 0:00:25]} 7. h4 {[%emt 0:00:38]} h6 {[%emt 0:00:05]} 8. Ne5 {[%emt 0:02:26]} Bh7 {[%emt 0:00:07]} 9. Bd3 {[%emt 0:00:54]} Bxd3 {[%emt 0:00:13]} 10. Qxd3 {[%emt 0:00:08]} Nd7 {[%emt 0:00:16]} 11. f4 {[%emt 0:02:28]} Ngf6 {[%emt 0:01:44]} 12. Bd2 {[%emt 0:00:25]} Be7 {[%emt 0:02:43]} 13. O-O-O {[%emt 0:01:22] B19: Classical Caro-Kann: 4...Bf5 main line} O-O {[%emt 0:03:27]} (13... Qc7 14. Ne4 Nxe4 15. Qxe4 Nf6 16. Qf3 g6 17. Kb1 h5 18. c4 Rc8 19. Bc3 b5 20. d5 cxd5 21. cxd5 Nxd5 22. Rxd5 exd5 23. Qxd5 {1-0 (29) Saric,I (2652)-Navara,D (2725) Tallinn 2016}) 14. Kb1 {[%emt 0:08:05]} c5 {[%emt 0:05:34]} 15. Ne2 {[%emt 0:22:38] [#]} cxd4 $146 {[%emt 0:01:01]} ({Predecessor:} 15... Rc8 16. Qf3 cxd4 17. Nxd4 Nxe5 18. fxe5 Qxd4 19. exf6 Qxf6 20. Qb3 Qg6 {0-1 (29) Hidalgo Paniagua,F-Rausis,I (2537) Seville 2003}) 16. Qf3 {[%emt 0:06:25]} h5 {[%emt 0:03:44]} 17. Nd3 {[%emt 0:15:58]} Qb6 {[%emt 0:03:54]} 18. Bc1 {[%emt 0:01:27]} Ng4 {[%emt 0:07:41]} 19. f5 {[%emt 0:06:16]} e5 {[%emt 0:07:11]} 20. Ng3 {[%emt 0:01:07]} Ndf6 {[%emt 0:08:00]} 21. Rde1 {[%emt 0:04:50]} Qc6 {[%emt 0:07:23]} 22. Bg5 {[%emt 0:03:19]} Rac8 {[%emt 0:05:23]} 23. Re2 {[%emt 0:00:36]} Rfe8 {[%emt 0:01:54]} 24. Qxc6 {[%emt 0:03:36]} bxc6 {[%emt 0:10:34]} 25. Nxe5 {[%emt 0:00:10]} Nxe5 {[%emt 0:00:50]} 26. Rxe5 {[%emt 0:00:06]} Bd6 {[%emt 0:02:44]} 27. Rxe8+ {[%emt 0:00:22]} Rxe8 {[%emt 0:00:04]} 28. Bxf6 {[%emt 0:00:40]} Bxg3 {[%emt 0:01:05]} 29. Bxd4 {[%emt 0:00:18]} a6 $11 {[%emt 0:00:03]} 30. c3 {[%emt 0:05:39]} Re2 {[%emt 0:03:31]} 31. f6 {[%emt 0:02:09]} g6 {[%emt 0:07:27]} 32. Rh3 {[%emt 0:00:17]} Rxg2 {[%emt 0:00:23]} 33. Be3 {[%emt 0:03:13]} Be5 {[%emt 0:01:43]} 34. Rf3 {[%emt 0:00:23]} Rg4 {[%emt 0:01:56]} 35. Bf2 {[%emt 0:05:51]} Rf4 {[%emt 0:03:55]} 36. Rxf4 {[%emt 0:00:09]} Bxf4 {[%emt 0:00:05]} 37. Kc2 {[%emt 0:00:08]} Be5 {[%emt 0:03:44]} 38. b4 {[%emt 0:00:27]} Bxf6 {[%emt 0:00:29]} 39. a4 {[%emt 0:00:53]} Kf8 {[%emt 0:03:27]} 40. c4 {[%emt 0:00:15]} Ke8 {[%emt 0:31:22]} 41. Kd3 {[%emt 0:30:11]} Kd7 {[%emt 0:00:37]} 42. Ke4 {[%emt 0:00:18]} Bd8 {[%emt 0:00:00]} 43. Kf4 {[%emt 0:00:00]} f6 {[%emt 0:00:00]} 44. Ke4 {[%emt 0:00:00]} Ke6 {[%emt 0:00:00]} 45. b5 {[%emt 0:00:00]} cxb5 {[%emt 0:00:00]} 46. cxb5 {[%emt 0:00:00]} axb5 {[%emt 0:00:00]} 47. axb5 {[%emt 0:00:00]} Kd6 {[%emt 0:00:00]} 48. Kf3 {[%emt 0:00:00]} Kd5 {[%emt 0:00:00]} 49. Be3 {[%emt 0:00:00]} Be7 {[%emt 0:00:00]} 50. Bf2 {[%emt 0:00:00]} Bc5 {[%emt 0:00:00]} 51. Be1 {[%emt 0:02:03]} Bd4 {[%emt 0:00:00]} 52. Bg3 {[%emt 0:01:52]} Kc5 {[%emt 0:00:00]} 53. Bc7 {[%emt 0:06:09]} Kxb5 {[%emt 0:00:00]} 54. Bd8 {[%emt 0:00:20]} Kc6 {[%emt 0:00:00]} 55. Ke4 {[%emt 0:00:10]} Bc3 {[%emt 0:00:00]} 0-1

[Event "SVK Extraliga 2017-18"]
[Site "Slovakia"]
[Date "2017.10.01"]
[Round "2"]
[White "Hausner, Ivan"]
[Black "Jurcik, Martin"]
[Result "1/2-1/2"]
[WhiteElo "2321"]
[BlackElo "2319"]
[Annotator "NA"]
[PlyCount "54"]
[EventDate "2017.09.30"]
[EventType "team-tourn"]
[EventCountry "SVK"]
[SourceTitle "playchess.com"]
[Source "ChessBase"]
[SourceQuality "1"]
[TimeControl "40/5400+30:1800+30"]

1. g3 {[%emt 0:00:00]} d5 {[%emt 0:02:45]} 2. Bg2 {[%emt 0:00:00]} Nf6 {[%emt 0:01:39]} 3. d3 {[%emt 0:01:06]} e5 {[%emt 0:02:35]} 4. Nd2 {[%emt 0:00:11]} Nc6 {[%emt 0:07:18]} 5. e4 {[%emt 0:00:37]} dxe4 {[%emt 0:04:45]} 6. dxe4 {[%emt 0:00:05]} Bc5 {[%emt 0:00:59]} 7. Ngf3 {[%emt 0:01:47]} O-O {[%emt 0:04:16]} 8. O-O {[%emt 0:00:22] C44: Ponziani Opening and Scotch Gambit} Re8 {[%emt 0:05:13]} (8... a5 9. b3 Qe7 10. Bb2 Rd8 11. Qe2 Bg4 12. c3 Rd7 13. h3 Bh5 14. a4 Rxd2 15. Qxd2 Nxe4 {0-1 (23) Kolker,V (2023)-Khenkin,I (2553) Wiesbaden 2016}) 9. Qe2 {[%emt 0:04:59]} Nd4 $146 {[%emt 0:17:55]} ({Predecessor:} 9... a5 10. Rd1 Qe7 11. Nh4 Bg4 12. Ndf3 Nd4 13. Qc4 b5 14. Qc3 Ne2+ {0-1 (14) Zakharova,D (1532)-Stojanov,A (2125) Golden Sands 2015}) 10. Nxd4 {[%emt 0:01:57]} Bxd4 {[%emt 0:00:07]} 11. c3 {[%emt 0:00:20]} Bc5 {[%emt 0:04:36]} 12. Nc4 {[%emt 0:01:28]} Bg4 {[%emt 0:03:38]} 13. Qc2 {[%emt 0:00:21]} Qc8 {[%emt 0:00:17]} 14. Be3 {[%emt 0:01:30]} Bxe3 {[%emt 0:17:18]} 15. Nxe3 {[%emt 0:00:27]} Bh5 {[%emt 0:01:00]} 16. f3 {[%emt 0:01:06]} Qe6 {[%emt 0:00:15]} 17. Qb3 {[%emt 0:02:23]} Qb6 {[%emt 0:08:18]} 18. Qxb6 {[%emt 0:00:09]} axb6 {[%emt 0:00:07]} 19. Rfd1 {[%emt 0:02:16]} Bg6 {[%emt 0:05:44]} 20. Kf2 {[%emt 0:01:21]} Kf8 {[%emt 0:01:04]} 21. Ke2 {[%emt 0:01:14]} Red8 {[%emt 0:01:51]} 22. Rxd8+ {[%emt 0:01:37]} Rxd8 {[%emt 0:00:01]} 23. Nc4 {[%emt 0:00:12]} Nd7 {[%emt 0:00:57]} 24. Rd1 {[%emt 0:00:15]} f6 {[%emt 0:00:21]} 25. Bh3 {[%emt 0:00:17]} Ke8 {[%emt 0:00:39]} 26. Ne3 {[%emt 0:01:10]} Bf7 {[%emt 0:00:40]} 27. Nd5 $11 {[%emt 0:04:25]} c6 {[%emt 0:02:13]} 1/2-1/2

[Event "SVK Extraliga 2017-18"]
[Site "Slovakia"]
[Date "2017.10.01"]
[Round "2"]
[White "Petran, Peter"]
[Black "Banas, Kamil"]
[Result "*"]
[WhiteElo "2318"]
[BlackElo "2247"]
[Annotator "ChessBase"]
[PlyCount "28"]
[EventDate "2017.09.30"]
[EventType "team-tourn"]
[EventCountry "SVK"]
[SourceTitle "playchess.com"]
[Source "ChessBase"]
[SourceQuality "1"]
[TimeControl "40/5400+30:1800+30"]

1. e4 {[%emt 0:00:00]} g6 {[%emt 0:00:16]} 2. d4 {[%emt 0:00:00]} Bg7 {[%emt 0:00:09]} 3. Nc3 {[%emt 0:00:27]} c6 {[%emt 0:00:17]} 4. f4 {[%emt 0:00:37]} d5 {[%emt 0:00:05]} 5. e5 {[%emt 0:00:49]} Nh6 {[%emt 0:00:06]} 6. Nf3 {[%emt 0:00:59]} O-O {[%emt 0:00:07]} 7. Be3 {[%emt 0:00:59]} Bg4 {[%emt 0:00:24]} 8. Be2 {[%emt 0:00:51]} f6 {[%emt 0:00:09]} 9. Qd2 {[%emt 0:01:44]} Nd7 {[%emt 0:00:57]} 10. O-O-O {[%emt 0:01:20]} Nf5 {[%emt 0:01:49]} 11. Kb1 {[%emt 0:01:36]} Bxf3 {[%emt 0:00:59]} 12. Bxf3 {[%emt 0:00:23]} fxe5 {[%emt 0:00:09]} 13. dxe5 {[%emt 0:03:20]} Nxe3 {[%emt 0:02:12]} 14. Qxe3 {[%emt 0:00:20]} e6 {[%emt 0:00:03]} *

[Event "SVK Extraliga 2017-18"]
[Site "Slovakia"]
[Date "2017.10.01"]
[Round "2"]
[White "Jacko, Vladimir"]
[Black "Zvarik, Martin"]
[Result "1-0"]
[WhiteElo "2310"]
[BlackElo "2237"]
[Annotator "NA"]
[PlyCount "75"]
[EventDate "2017.09.30"]
[EventType "team-tourn"]
[EventCountry "SVK"]
[SourceTitle "playchess.com"]
[Source "ChessBase"]
[SourceQuality "1"]
[TimeControl "40/5400+30:1800+30"]

1. d4 {[%emt 0:00:00]} Nf6 {[%emt 0:01:46]} 2. c4 {[%emt 0:00:00]} e6 {[%emt 0:00:06]} 3. Nc3 {[%emt 0:00:20]} Bb4 {[%emt 0:00:06]} 4. Qc2 {[%emt 0:00:44]} d5 {[%emt 0:05:09]} 5. a3 {[%emt 0:00:46]} Bxc3+ {[%emt 0:00:56]} 6. Qxc3 {[%emt 0:00:02]} Nc6 {[%emt 0:05:33]} 7. Nf3 {[%emt 0:07:34]} O-O {[%emt 0:10:28]} 8. Bg5 {[%emt 0:17:00]} Ne7 {[%emt 0:02:09]} 9. Bxf6 {[%emt 0:05:08]} gxf6 {[%emt 0:00:02]} 10. g3 {[%emt 0:08:39]} Bd7 {[%emt 0:08:54]} 11. cxd5 {[%emt 0:07:56]} Nxd5 {[%emt 0:00:17]} 12. Qc2 {[%emt 0:00:20]} Rc8 {[%emt 0:19:26]} 13. Bg2 {[%emt 0:08:40]} c5 {[%emt 0:07:18]} 14. O-O {[%emt 0:00:45]} Qe7 {[%emt 0:07:56]} 15. Rfd1 {[%emt 0:13:32]} Nb6 {[%emt 0:07:32]} 16. Qe4 {[%emt 0:03:47]} Ba4 {[%emt 0:03:01]} 17. Qg4+ {[%emt 0:03:21]} Kh8 {[%emt 0:00:24]} 18. Rdc1 {[%emt 0:00:43]} c4 $16 {[%emt 0:04:38]} 19. Qh4 {[%emt 0:02:22]} Rc7 {[%emt 0:01:02]} 20. Nd2 {[%emt 0:05:04]} Rg8 {[%emt 0:01:32]} 21. e3 {[%emt 0:04:25]} Qd8 {[%emt 0:04:44]} 22. Rc3 {[%emt 0:04:51]} f5 {[%emt 0:03:41]} 23. Qf4 {[%emt 0:02:29]} f6 {[%emt 0:00:41]} 24. b3 {[%emt 0:01:53]} Rg4 {[%emt 0:00:33]} 25. Qh6 {[%emt 0:00:15]} Rg6 {[%emt 0:00:52]} 26. Qf4 {[%emt 0:00:05]} Rg4 {[%emt 0:01:02]} 27. Qh6 {[%emt 0:00:05]} Bxb3 {[%emt 0:02:23]} 28. Nxb3 {[%emt 0:01:14]} Na4 {[%emt 0:01:07]} 29. Rcc1 {[%emt 0:01:53]} Rg6 {[%emt 0:00:12]} 30. Qf4 {[%emt 0:00:11]} e5 {[%emt 0:00:23]} 31. dxe5 {[%emt 0:00:16]} Rg4 {[%emt 0:01:17]} 32. Qxf5 {[%emt 0:00:10]} cxb3 {[%emt 0:00:43]} 33. Rxc7 {[%emt 0:00:33]} Qxc7 {[%emt 0:00:09]} 34. Qxg4 {[%emt 0:00:05]} b2 {[%emt 0:00:12]} 35. Rf1 {[%emt 0:00:16]} Nc3 {[%emt 0:01:09]} 36. Be4 {[%emt 0:00:47]} Qc4 {[%emt 0:00:23]} 37. exf6 {[%emt 0:00:40]} Ne2+ {[%emt 0:00:40]} 38. Kg2 {[%emt 0:00:24]} 1-0

[Event "SVK Extraliga 2017-18"]
[Site "Slovakia"]
[Date "2017.10.01"]
[Round "2"]
[White "Dovzik, Juri"]
[Black "Cibickova, Zuzana"]
[Result "1/2-1/2"]
[WhiteElo "2308"]
[BlackElo "2290"]
[Annotator "NA"]
[PlyCount "81"]
[EventDate "2017.09.30"]
[EventType "team-tourn"]
[EventCountry "SVK"]
[SourceTitle "playchess.com"]
[Source "ChessBase"]
[SourceQuality "1"]
[TimeControl "40/5400+30:1800+30"]

1. Nf3 {[%emt 0:00:00]} d5 {[%emt 0:00:04]} 2. g3 {[%emt 0:01:10]} c6 {[%emt 0:00:16]} 3. Bg2 {[%emt 0:01:09]} Bg4 {[%emt 0:00:07]} 4. d4 {[%emt 0:02:51]} Nd7 {[%emt 0:01:08]} 5. Nbd2 {[%emt 0:00:29]} Ngf6 {[%emt 0:00:56]} 6. O-O {[%emt 0:00:14]} e6 {[%emt 0:00:19]} 7. Re1 {[%emt 0:04:42]} Be7 {[%emt 0:00:50]} 8. e4 {[%emt 0:00:48]} O-O {[%emt 0:00:32]} 9. c3 {[%emt 0:03:39]} Bh5 {[%emt 0:00:59]} 10. Qb3 {[%emt 0:04:57]} Qb6 {[%emt 0:07:43]} 11. exd5 {[%emt 0:12:52] D02: 1 d4 d5 2 Nf3 sidelines, including 2...Nf6 3 g3 and 2...Nf6 3 Bf4} cxd5 {[%emt 0:01:34]} 12. Ne5 {[%emt 0:01:51]} Nxe5 {[%emt 0:11:50]} 13. Qxb6 {[%emt 0:08:53] [#]} Nf3+ $146 {[%emt 0:00:52]} ({Predecessor:} 13... axb6 14. dxe5 Nd7 15. c4 Nc5 16. cxd5 exd5 17. Bxd5 Nd3 18. Re3 Nxc1 19. Rxc1 {0-1 (65) Dizdarevic,E (2483)-Ragger,M (2561) Novi Sad 2009}) 14. Nxf3 {[%emt 0:03:29]} axb6 {[%emt 0:00:47]} 15. Bg5 {[%emt 0:00:54]} Bxf3 {[%emt 0:12:08]} 16. Bxf3 {[%emt 0:00:25]} Rfc8 {[%emt 0:01:14]} 17. Be2 {[%emt 0:01:13]} h6 {[%emt 0:00:42]} 18. Bxf6 {[%emt 0:00:23]} Bxf6 {[%emt 0:00:48]} 19. Bb5 {[%emt 0:05:51]} Kf8 {[%emt 0:02:57]} 20. a4 {[%emt 0:04:25]} Rc7 {[%emt 0:04:58]} 21. Kg2 {[%emt 0:02:56]} Ke7 {[%emt 0:09:08]} 22. h4 {[%emt 0:14:33]} g6 {[%emt 0:11:05]} 23. f4 {[%emt 0:03:36]} h5 {[%emt 0:02:53]} 24. Kf3 {[%emt 0:01:16]} Kd6 $11 {[%emt 0:00:24]} 25. Re3 {[%emt 0:02:58]} Bg7 {[%emt 0:14:30]} 26. Rh1 {[%emt 0:01:26]} Bf6 {[%emt 0:00:15]} 27. Re2 {[%emt 0:00:44]} Rh8 {[%emt 0:00:58]} 28. Reh2 {[%emt 0:00:18]} Rcc8 {[%emt 0:01:51]} 29. Re2 {[%emt 0:02:32]} Rc7 {[%emt 0:01:30]} 30. Ra1 {[%emt 0:00:20]} Ra8 {[%emt 0:01:32]} 31. Rh2 {[%emt 0:00:41]} Rcc8 {[%emt 0:00:32]} 32. Re2 {[%emt 0:02:15]} Rc7 {[%emt 0:00:45]} 33. Ree1 {[%emt 0:00:41]} Rcc8 {[%emt 0:00:28]} 34. Red1 {[%emt 0:00:08]} Rc7 {[%emt 0:00:07]} 35. Rh1 {[%emt 0:00:05]} Rcc8 {[%emt 0:00:15]} 36. Ke3 {[%emt 0:02:12]} Ke7 {[%emt 0:00:53]} 37. Kd2 {[%emt 0:00:36]} Rc7 {[%emt 0:00:17]} 38. Rhe1 {[%emt 0:00:19]} Rcc8 {[%emt 0:02:36]} 39. Ra3 {[%emt 0:02:46]} Kd6 {[%emt 0:03:29]} 40. Raa1 {[%emt 0:01:54]} Ke7 {[%emt 0:30:37]} 41. Kd3 {[%emt 0:32:45]} 1/2-1/2

[Event "SVK Extraliga 2017-18"]
[Site "Slovakia"]
[Date "2017.10.01"]
[Round "2"]
[White "Vojtek, Vladimir"]
[Black "Holtman, Teodor"]
[Result "0-1"]
[WhiteElo "2295"]
[BlackElo "2248"]
[Annotator "NA"]
[PlyCount "56"]
[EventDate "2017.09.30"]
[EventType "team-tourn"]
[EventCountry "SVK"]
[SourceTitle "playchess.com"]
[Source "ChessBase"]
[SourceQuality "1"]
[TimeControl "40/5400+30:1800+30"]

1. e4 {[%emt 0:00:00]} c5 {[%emt 0:00:09]} 2. f4 {[%emt 0:00:00]} Nc6 {[%emt 0:00:13]} 3. Nf3 {[%emt 0:00:00]} e6 {[%emt 0:00:16]} 4. Bb5 {[%emt 0:00:00]} Nge7 {[%emt 0:00:08]} 5. O-O {[%emt 0:00:07]} a6 {[%emt 0:00:04]} 6. Be2 {[%emt 0:00:05]} d5 {[%emt 0:00:36]} 7. d3 {[%emt 0:00:31]} g6 {[%emt 0:06:29] B21: Sicilian: 2 f4 and Morra Gambit} (7... b6 8. c3 g6 9. Na3 Bg7 10. e5 O-O 11. d4 cxd4 12. cxd4 Bb7 13. Nc2 Qd7 14. Be3 Na5 15. Bf2 {½-½ (65) Narciso Dublan,M (2532)-Mullon,J (2402) Barcelona 2015}) 8. c3 {[%emt 0:01:33]} Bg7 {[%emt 0:00:17]} 9. Be3 {[%emt 0:01:39]} d4 {[%emt 0:08:29]} 10. Bf2 {[%emt 0:00:46]} O-O {[%emt 0:00:53]} 11. c4 {[%emt 0:10:25]} e5 {[%emt 0:07:47]} 12. fxe5 {[%emt 0:15:24]} Nxe5 {[%emt 0:00:13]} 13. Nxe5 {[%emt 0:02:00]} Bxe5 {[%emt 0:00:03]} 14. Nd2 {[%emt 0:00:14]} Qc7 {[%emt 0:13:56]} 15. Nf3 {[%emt 0:07:52]} Bf4 $146 {[%emt 0:00:06]} 16. g3 {[%emt 0:06:10]} Bh6 {[%emt 0:00:24]} 17. Nh4 {[%emt 0:00:43]} Bh3 {[%emt 0:14:43]} 18. Re1 {[%emt 0:05:46]} Qd7 {[%emt 0:03:02]} 19. Bf1 {[%emt 0:05:37]} Bg4 {[%emt 0:00:57]} 20. Be2 {[%emt 0:00:08]} Bh3 {[%emt 0:00:03]} 21. a3 {[%emt 0:11:59]} Nc6 {[%emt 0:01:23]} 22. Nf3 {[%emt 0:04:52]} a5 {[%emt 0:01:51]} 23. Kh1 {[%emt 0:03:01]} Be6 {[%emt 0:08:53]} 24. Nh4 {[%emt 0:05:38]} Ne5 {[%emt 0:01:31]} 25. Ng2 {[%emt 0:04:22]} f5 {[%emt 0:06:06]} 26. exf5 {[%emt 0:01:08]} Bxf5 {[%emt 0:01:56]} 27. Nf4 $19 {[%emt 0:03:32]} (27. g4 $142 Bxd3 28. Bxd3 Nxd3 29. Qxd3 Rxf2 30. Re2) 27... Bxf4 {[%emt 0:00:33]} 28. gxf4 {[%emt 0:00:02]} Qc6+ {[%emt 0:00:07]} 0-1

[Event "SVK Extraliga 2017-18"]
[Site "Slovakia"]
[Date "2017.10.01"]
[Round "2"]
[White "Briestensky, Rastislav"]
[Black "Federic, Jozef"]
[Result "0-1"]
[WhiteElo "2292"]
[BlackElo "2271"]
[Annotator "NA"]
[PlyCount "81"]
[EventDate "2017.09.30"]
[EventType "team-tourn"]
[EventCountry "SVK"]
[SourceTitle "playchess.com"]
[Source "ChessBase"]
[SourceQuality "1"]
[TimeControl "40/5400+30:1800+30"]

1. e4 {[%emt 0:00:00]} c5 {[%emt 0:00:08]} 2. Nf3 {[%emt 0:00:00]} e6 {[%emt 0:00:15]} 3. Nc3 {[%emt 0:00:14]} a6 {[%emt 0:03:33]} 4. g3 {[%emt 0:03:33]} Nc6 {[%emt 0:01:15]} 5. Bg2 {[%emt 0:00:15]} Nf6 {[%emt 0:05:10]} 6. O-O {[%emt 0:05:10]} Qc7 {[%emt 0:03:12]} 7. d3 {[%emt 0:05:15]} Be7 {[%emt 0:03:48]} 8. Bd2 {[%emt 0:07:06]} O-O {[%emt 0:09:58] B40: Sicilian: 2...e6, Unusual lines} 9. Ng5 {[%emt 0:01:22]} d6 {[%emt 0:02:43]} 10. f4 {[%emt 0:03:55]} Bd7 $146 {[%emt 0:09:55]} ({Predecessor:} 10... Rb8 11. g4 b5 12. h3 Nd7 13. f5 Nde5 14. Ne2 h6 15. Nf3 Nxf3+ 16. Bxf3 {0-1 (54) Mamani,J (2157)-Torres,J (2337) Asuncion 2012}) 11. g4 {[%emt 0:14:47]} Nd4 {[%emt 0:08:50]} 12. Kh1 {[%emt 0:16:44]} Rac8 {[%emt 0:04:21]} 13. Be3 {[%emt 0:04:12]} b5 {[%emt 0:04:23]} 14. Rf2 {[%emt 0:05:22]} b4 {[%emt 0:06:19]} 15. Nb1 {[%emt 0:00:36]} Ba4 {[%emt 0:01:58]} 16. b3 {[%emt 0:00:20]} Bd7 {[%emt 0:03:54]} 17. h3 {[%emt 0:04:05]} h6 {[%emt 0:05:10]} 18. Nf3 {[%emt 0:01:41]} Nxf3 {[%emt 0:00:07]} 19. Bxf3 {[%emt 0:00:20]} Nh7 {[%emt 0:00:21]} 20. Nd2 {[%emt 0:03:03]} Bf6 {[%emt 0:06:33]} 21. Rb1 {[%emt 0:00:21]} Bd4 {[%emt 0:04:52]} 22. Bxd4 {[%emt 0:01:57]} cxd4 {[%emt 0:00:01]} 23. Nc4 {[%emt 0:00:26]} e5 {[%emt 0:00:41]} 24. f5 {[%emt 0:00:59]} Bb5 {[%emt 0:00:41]} 25. Qd2 {[%emt 0:03:29]} Bxc4 $11 {[%emt 0:01:36]} 26. bxc4 {[%emt 0:00:01]} a5 {[%emt 0:01:21]} 27. h4 {[%emt 0:00:14]} f6 {[%emt 0:00:49]} 28. Rg2 {[%emt 0:00:56]} Ra8 {[%emt 0:06:36]} 29. Rbg1 {[%emt 0:00:46]} Qe7 {[%emt 0:01:49]} 30. Rh2 {[%emt 0:04:33]} Rfb8 {[%emt 0:01:33]} 31. Qf2 {[%emt 0:03:06]} Kf8 {[%emt 0:00:48]} 32. Qd2 {[%emt 0:01:30]} Kg8 {[%emt 0:01:56]} 33. g5 {[%emt 0:01:42]} fxg5 {[%emt 0:00:01]} 34. Bh5 {[%emt 0:00:07]} Qf6 {[%emt 0:01:36]} 35. Bg6 {[%emt 0:01:40]} gxh4 {[%emt 0:00:05]} 36. Bxh7+ {[%emt 0:00:09]} Kxh7 {[%emt 0:00:07]} 37. Rg6 {[%emt 0:00:04]} Qd8 {[%emt 0:01:31]} 38. Rhg2 {[%emt 0:00:18]} Ra7 {[%emt 0:00:32]} 39. f6 {[%emt 0:00:19]} Kh8 {[%emt 0:00:58]} 40. fxg7+ {[%emt 0:01:05]} Kg8 {[%emt 0:30:01]} 41. Qxh6 {[%emt 0:30:38]} 0-1

[Event "SVK Extraliga 2017-18"]
[Site "Slovakia"]
[Date "2017.10.01"]
[Round "2"]
[White "Chovan, Milan"]
[Black "Nayhebaver, Martin"]
[Result "1-0"]
[WhiteElo "2292"]
[BlackElo "2437"]
[Annotator "TA"]
[PlyCount "107"]
[EventDate "2017.09.30"]
[EventType "team-tourn"]
[EventCountry "SVK"]
[SourceTitle "playchess.com"]
[Source "ChessBase"]
[SourceQuality "1"]

{[%evp 27,107,22,17,10,23,10,20,20,25,19,18,2,11,0,7,4,50,0,0,0,20,24,131,134,132,117,230,234,270,259,273,256,253,240,260,265,270,270,340,293,306,300,329,321,329,325,339,224,406,398,414,409,401,396,436,436,503,482,423,420,597,629,609,579,941,917,907,871,692,844,812,676,648,906,889,863,1189,856,12834,12832,29985,29986]} 1. d4 Nf6 2. c4 e6 3. Nc3 Bb4 4. Qc2 c5 5. dxc5 O-O 6. a3 Bxc5 7. Nf3 b6 8. Bg5 {[%cal Bc1g5,Bg5h4,Bh4g3][%mdl 32]} Bb7 9. e3 Be7 10. Be2 {E39: Nimzo-Indian: Classical: 4...c5 5 dxc5 0-0} h6 11. Bh4 a6 12. O-O d6 13. Rfd1 Qc7 14. Rac1 Nbd7 {[#] LiveBook: 10 Games} 15. h3 $146 ({Predecessor:} 15. Nd2 Ne5 {1-0 (47) Karpov,A (2686)-Macieja,B (2634) Warsaw 2003}) 15... Rac8 16. Bg3 Rfd8 17. b4 Qb8 18. Qb1 Nf8 19. Nd2 Qa8 20. Bf1 N8d7 21. e4 Bc6 22. Re1 Nh5 23. Bh2 Bg5 24. Rc2 Ne5 (24... Bf4 $11) 25. Qd1 $1 $16 {[%cal Rd1h5]} g6 {[#]} 26. g4 $1 {[%cal Rg4h5]} Nf4 {[#]} (26... Bxd2 $16 {is a better defense.} 27. Rxd2 Nf6) 27. h4 $1 $18 {[%mdl 512]} Nfd3 (27... Bxh4 28. Bxf4) 28. Bxd3 Nxd3 29. hxg5 {Black must now prevent Re3.} Nxe1 30. Qxe1 hxg5 31. Qe3 f6 32. Qxb6 Rb8 33. Qd4 e5 34. Qe3 Kg7 35. f3 Qb7 36. Bg3 Qf7 37. Bf2 Rb7 $2 (37... Bd7 {was called for.} 38. Qd3 Rbc8) 38. Nb3 Rbd7 39. Na5 Ba8 40. Nd5 Rh8 41. Nb6 Rdd8 42. Nxa8 Rxa8 43. Rd2 Rh3 (43... Qc7 {keeps fighting.} 44. Kg2 Raf8) 44. Kg2 Rah8 45. Bg1 Qd7 46. c5 R8h4 47. Rxd6 Qc8 48. Qe2 Rxf3 49. Qxf3 Rxg4+ {[#]} 50. Kh1 $1 Rf4 51. Qg2 Rxe4 52. Rd1 ({Worse is} 52. Qxe4 Qh3+ 53. Bh2 Qf1+ 54. Bg1 Qh3+ 55. Bh2 Qf1+ 56. Bg1 Qh3+ $11) 52... f5 53. Qxg5 Rg4 54. Qe7+ {Precision: White = 77%, Black = 34%.} 1-0

[Event "SVK Extraliga 2017-18"]
[Site "Slovakia"]
[Date "2017.10.01"]
[Round "2"]
[White "Rohacek, Miroslav"]
[Black "Petenyi, Tamas"]
[Result "0-1"]
[WhiteElo "2266"]
[BlackElo "2449"]
[Annotator "TA"]
[PlyCount "62"]
[EventDate "2017.09.30"]
[EventType "team-tourn"]
[EventCountry "SVK"]
[SourceTitle "playchess.com"]
[Source "ChessBase"]
[SourceQuality "1"]

{[%evp 23,62,0,43,0,28,-23,-11,-172,-191,-202,-87,-72,-105,-188,-201,-389,-397,-385,-388,-388,-383,-387,-404,-417,-434,-424,-421,-785,-737,-1192,-774,-842,-818,-1233,-820,-832,-831,-813,-805,-1053,-844]} 1. Nf3 g6 2. e4 Bg7 3. d4 d6 4. Nc3 Nf6 5. Be2 O-O 6. O-O Nbd7 7. Re1 c6 8. Bf4 Qc7 9. e5 Nh5 10. Bg5 dxe5 {B08: Pirc Defence: Classical System} 11. Bxe7 Re8 12. d5 Qb6 {LiveBook: 3 Games. The position is equal.} ({Much worse is} 12... Rxe7 $6 13. d6 $16) (12... Bf6 13. Ba3 Nf4 14. d6 Nxe2+ 15. Qxe2 Qd8 16. Rad1 Bg7 17. h4 a5 18. Ne4 {1-0 (39) Iordachescu,V (2644)-Shanava,K (2586) Nakhchivan 2012}) 13. Ba3 e4 14. Bc4 $146 (14. dxc6 $142 Ndf6 15. Nd2) ({Predecessor:} 14. dxc6 bxc6 15. Bc4 Nhf6 16. Ng5 Ne5 17. Ncxe4 Bg4 18. Nxf6+ Bxf6 19. Qd6 Bxg5 20. Rxe5 Red8 21. Qc5 Bf6 22. Ree1 Qxc5 23. Bxc5 Bxb2 24. Rab1 Bd4 {½-½ (24) Savon,V (2440)-Chernyshov,K Podolsk 1992}) 14... Ndf6 $11 {[%cal Bd7f6,Bf6g4,Bg4f2][%mdl 32]} 15. Ng5 $2 (15. d6 $1 $11) 15... e3 $1 $19 {[%cal Re3f2]} 16. fxe3 {Hoping for dxc6.} Rxe3 (16... Bh6 $1 $19 {[%cal Rh6g5] has better winning chances.} 17. Na4 Qa5 18. Nxf7 Kxf7 19. dxc6+ Kg7 20. cxb7 Bxb7) 17. Kh1 $17 {aiming for Rxe3.} Ng4 $1 {[%cal Rg4f2] ...Nf2+ is the strong threat.} 18. Nce4 (18. Qd2 $17 {was called for.} Bf5 19. Na4) 18... h6 $1 $40 {[%cal Bh7h6,Bh6g5][%mdl 160] White is in trouble.} ({Worse is} 18... Rxe1+ 19. Qxe1 Ne5 20. Bb3 $14) 19. Bc5 $2 {[#]} ({Avoid the trap} 19. Nxf7 $2 Rxe4 20. Rf1 Nf2+ 21. Rxf2 Qxf2 $19) (19. Qd2 {was worth a try.} Rxa3 20. dxc6 hxg5 21. Bxf7+ $1 {[%mdl 512]} Kh8 22. bxa3 Bxa1 23. h3) 19... Qxc5 $1 {[%mdl 512]} 20. Nxc5 Nf2+ 21. Kg1 Nxd1 22. Rexd1 hxg5 23. dxc6 bxc6 24. Rd8+ {Black is clearly winning.} Kh7 25. g4 (25. c3 $142 Rb8 26. Ba6) 25... Nf4 26. Bxf7 Re7 27. Bg8+ Kh6 28. Rf1 Bd4+ 29. Rxd4 Ne2+ 30. Kg2 Nxd4 31. Rd1 Ne6 {Precision: White = 14%, Black = 67%.} 0-1